书目信息 |
| 题名: |
摄影丛刊 11
|
|
| 作者: | 上海人民美术出版社 编 | |
| 分册: | ||
| 出版信息: | 上海 上海人民美术出版社 1983 |
|
| 页数: | 94页 | |
| 开本: | 20cm | |
| 丛书名: | ||
| 单 册: | ||
| 中图分类: | TB82 | |
| 科图分类: | ||
| 主题词: | 拍摄 | |
| 电子资源: | ||
| ISBN: | ||
| 000 | 00583nam0 2200193 45 | |
| 001 | 0312221749 | |
| 005 | 20031222170909.1 | |
| 010 | @dCNY0.78 | |
| 100 | @a20031222d1983 km y0chiy0120 ea | |
| 101 | @achi | |
| 105 | @a z 000yy | |
| 200 | 1 | @a摄影丛刊 11@AShe Ying Cong Kan 11@f上海人民美术出版社编@FShang Hai Ren Min Mei Shu Chu Ban She Bian |
| 210 | @a上海@c上海人民美术出版社@d1983 | |
| 215 | @a94页@c彩图@d20cm | |
| 606 | 0 | @a拍摄 |
| 690 | @aTB82@v3 | |
| 701 | 0 | @a上海人民美术出版社@4编 |
| 801 | @aCN@bTSTCL@c20031222 | |
| 905 | @a213230@dTB82@e27:11@b61987@f1@b165401-402@f2 | |
| 摄影丛刊 11/上海人民美术出版社编.-上海:上海人民美术出版社,1983 |
| 94页:彩图;20cm |
| ISBN :CNY0.78 |
| ● |
| 相关链接 |
|
|
|
|
正题名:摄影丛刊 11
索取号:TB82/27:11
 
预约/预借
| 序号 | 登录号 | 条形码 | 馆藏地/架位号 | 状态 | 备注 |
| 1 | 0061987 | 001360887 | 密集书库/ [索取号:TB82/27:11] | 在馆 | |
| 2 | 0165401 | 001360841 | 密集书库/ [索取号:TB82/27:11] | 在馆 | |
| 3 | 0165402 | 001361270 | 第二样本阅览室/ [索取号:TB82/27:11] | 在馆 |